MARC
| LEADER | 00000 a a2200000 04500 | ||
|---|---|---|---|
| 001 | 15013 | ||
| 003 | |||
| 040 | |||
| 090 | |a 023300 | ||
| 100 | |a Serra Canales, Jaime | ||
| 245 | |a Recuperación critica de la experiencia del Programa de Salud Comunitaria "Hospital sin Paredes" de indicadores socioeconómicos / |c Jaime Serra Canales | ||
| 260 | |a San José: |b FLACSO | ||
| 300 | |a 66 p. | ||
| 700 | |a Brenes Castillo, Carlos | ||
| 999 | |c 13089 |d 13089 | ||
